000 01029cam a22002535a 4500
001 17341429
005 20201128023907.0
008 120611s2012 enka frb 001 0 eng d
020 _a9780470663059
040 _aDLC
_cDLC
_dDLC
_dEG-ScBUE
_beng
082 0 4 _a006.31
_222
_bSCH
100 1 _aSchaathun, Hans Georg.
245 1 0 _aMachine learning in image steganalysis /
_cHans Georg Schaathun.
260 _aChichester :
_bIEEE Press :
_bWiley,
_c2012.
300 _ax, 284 p. :
_bill. ;
_c26 cm.
500 _aIndex : p. [279]-284.
504 _aBibliography : p. [267]-277.
520 _a"The only book to look at steganalysis from the perspective of machine learning theory, and to apply the common technique of machine learning to the particular field of steganalysis; ideal for people working in both disciplines"--
650 7 _aMachine learning.
_2BUEsh
_92922
650 0 _aWavelets (Mathematics)
_2BUEsh
650 7 _aData encryption (Computer science)
_2BUEsh
_92635
653 _bCOMSCI
_cOctober2015
942 _2ddc
999 _c22652
_d22624